Detalles MARC
| 000 -LEADER |
| fixed length control field |
01361nam a2200361 a 4500 |
| 008 - CAMPO DE CONTROL (LIBRO) |
| fixed length control field |
110907s1983 sp # f |||| 001 0 spa d |
| 020 ## - INTERNATIONAL STANDARD BOOK NUMBER |
| ISBN |
8485860055 |
| 041 ## - CODIGO DE IDIOMA |
| Código de idioma del texto/pista de sonido o título separado |
spa |
| 092 ## - SIGNATURA TOPOGRAFICA DEWEY LOCAL |
| número de clasificación |
150.195 |
| libristica |
12 |
| sección |
CLA |
| 100 1# - ENTRADA PRINCIPAL--NOMBRE PERSONAL |
| Nombre personal |
Clavreul, Jean |
| 9 (RLIN) |
1524 |
| 245 #3 - TITULO PROPIAMENTE DICHO |
| Título |
El orden médico / |
| Mención de responsabilidad y remanente de la transcripción de la portada |
Jean Clavreul |
| 250 ## - MENCION DE EDICION |
| Mención de edición |
1a ed. |
| Mención de responsabilidad relacionada con la ed. |
Traducción Marta Vassallo |
| 260 ## - PIE DE IMPRENTA |
| Lugar de publicación, distribución, etc |
Barcelona: |
| Nombre de la editorial, distribuidor, etc |
Argot; |
| Fecha de publicación |
1983. |
| 300 ## - DESCRIPCION FISICA |
| Extension |
320 p. |
| 500 ## - NOTA GENERAL |
| Nota general |
Clavreul, J. (1983). El orden médico. (1a ed.). Barcelona : Argot.<br/> |
| 653 ## - TÉRMINO INDIZADO - PALABRAS CLAVES |
| Palabra clave |
Orden médico |
| 653 ## - TÉRMINO INDIZADO - PALABRAS CLAVES |
| Palabra clave |
Medicina. Ciencias positicas. Ciencias humanas |
| 653 ## - TÉRMINO INDIZADO - PALABRAS CLAVES |
| Palabra clave |
Origenes de la medicina. Mitologías del positivismo |
| 653 ## - TÉRMINO INDIZADO - PALABRAS CLAVES |
| Palabra clave |
Medicina como discurso. Poder e impotencia del discurso |
| 653 ## - TÉRMINO INDIZADO - PALABRAS CLAVES |
| Palabra clave |
Discurso del Maestro de Cos |
| 653 ## - TÉRMINO INDIZADO - PALABRAS CLAVES |
| Palabra clave |
Exclusión del deseo |
| 653 ## - TÉRMINO INDIZADO - PALABRAS CLAVES |
| Palabra clave |
Objeto de la medicina define el deseo del médico |
| 653 ## - TÉRMINO INDIZADO - PALABRAS CLAVES |
| Palabra clave |
Enfermedad como objeto de la medicina |
| 653 ## - TÉRMINO INDIZADO - PALABRAS CLAVES |
| Palabra clave |
Ser sufriente a la espera. El enfermo |
| 653 ## - TÉRMINO INDIZADO - PALABRAS CLAVES |
| Palabra clave |
Discurso médico y discurso psicoanalítico |
| 653 ## - TÉRMINO INDIZADO - PALABRAS CLAVES |
| Palabra clave |
Clínica médica y clínica psicoanalítica |
| 653 ## - TÉRMINO INDIZADO - PALABRAS CLAVES |
| Palabra clave |
Semiología clínica y semiótica |
| 653 ## - TÉRMINO INDIZADO - PALABRAS CLAVES |
| Palabra clave |
Efectos del discurso médico: una ética en cuestión |
| 653 ## - TÉRMINO INDIZADO - PALABRAS CLAVES |
| Palabra clave |
Ideología a deontología |
| 653 ## - TÉRMINO INDIZADO - PALABRAS CLAVES |
| Palabra clave |
Orden científico y orden jurídico |
| 653 ## - TÉRMINO INDIZADO - PALABRAS CLAVES |
| Palabra clave |
Clínica psicoanalítica |
| 942 ## - ADDED ENTRY ELEMENTS (KOHA) |
| Source of classification or shelving scheme |
Dewey Decimal Classification |
| Item type |
Libros |